| 000 | 00727nam a22002057a 4500 | ||
|---|---|---|---|
| 005 | 20230906150158.0 | ||
| 010 | _aUR-12212 | ||
| 020 |
_a9789393059178 _c122.00 |
||
| 035 | _aU-10767 | ||
| 037 |
_bDBAD/PUB _a- |
||
| 082 | _a841 | ||
| 100 |
_aایس ۔ جی ۔ آي ۔ حیدر _956055 |
||
| 245 |
_aحرمت الاکرام (مونوگراف) / _cایس ۔ جی ۔ آي ۔ حیدر _hا ر د و |
||
| 246 |
_aHurmat-Ul-Ekram (Monograph) / _bby S.G.I. Haider |
||
| 260 |
_aKolkata _bWest Bengal Urdu Academy _c2021 ء |
||
| 270 |
_a75/2A, Rafi Ahmed Qidwai Road _bKolkata _e700016 |
||
| 300 |
_a192ص _c22cm(pbk) |
||
| 700 |
_aمرتب۔ دردانہ قبسی _956000 |
||
| 942 |
_2ddc _cUR _h841 _mا ی س |
||
| 999 |
_c197920 _d197920 |
||